| 000 | 00396nam a22001337a 4500 | ||
|---|---|---|---|
| 082 |
_a297 _bDOG |
||
| 100 |
_aDogar,Umer Farooq. _937225 |
||
| 245 |
_aTehqeeq key bunyadi awamal wa arkan Quran key nazar meen _bBasic charectaristics of research in view of Quran |
||
| 260 | _aLahore | ||
| 300 | _a143 p. : | ||
| 526 |
_a0 _b0 _c0 _d297_000000000000000_DOG |
||
| 650 |
_aMCE _9379 |
||
| 942 |
_2ddc _cBK |
||
| 999 |
_c542129 _d542129 |
||